| 000 | 00528nam a2200157Ia 4500 | ||
|---|---|---|---|
| 008 | 220214s9999 xx 000 0 und d | ||
| 022 | _a0002-1628 | ||
| 245 | 0 | _aAGRICULTURAL RESEARCH JOURNAL OF KERALA | |
| 246 | _aJournal of Tropical Agriculture | ||
| 260 |
_bAgricultrual College and Research Institute(upto V9);Kerala Agricultural University(v10 onwards) _aTvm |
||
| 310 | _aHY | ||
| 500 | _aEnding Volume & Year: 30, 1992 | ||
| 500 | _aMissing Volume: 2-4;26 | ||
| 500 | _aStarting Volume & Year: 1, 1961 | ||
| 942 | _cBJ | ||
| 999 |
_c12550 _d12550 |
||